A commentary on Acts of apostles, (Record no. 6858)
[ view plain ]
| 000 -LEADER | |
|---|---|
| fixed length control field | 00627cam a2200217u 4500 |
| 001 - CONTROL NUMBER | |
| control field | 7844922 |
| 003 - CONTROL NUMBER IDENTIFIER | |
| control field | GBCCL |
| 005 - DATE AND TIME OF LATEST TRANSACTION | |
| control field | 20241126110613.0 |
| 008 - FIXED-LENGTH DATA ELEMENTS--GENERAL INFORMATION | |
| fixed length control field | 820225s1863 ohu 000 0 eng |
| 010 ## - | |
| -- | 39032781 |
| 040 ## - CATALOGING SOURCE | |
| Original cataloging agency | DLC |
| Transcribing agency | CarP |
| Modifying agency | DLC |
| 050 00 - | |
| -- | BS2625 |
| -- | .M2 1863 |
| 082 ## - DEWEY DECIMAL CLASSIFICATION NUMBER | |
| Classification number | 226.607 |
| Item number | MCG |
| 100 1# - MAIN ENTRY--PERSONAL NAME | |
| Personal name | McGarvey, J. W. |
| Fuller form of name | (John William), |
| Dates associated with a name | 1829-1911. |
| 9 (RLIN) | 588 |
| 245 02 - TITLE STATEMENT | |
| Title | A commentary on Acts of apostles, |
| 260 ## - PUBLICATION, DISTRIBUTION, ETC. | |
| Place of publication, distribution, etc. | Cincinnati, |
| Name of publisher, distributor, etc. | Wrightson & co., |
| Date of publication, distribution, etc. | 1863. |
| 300 ## - PHYSICAL DESCRIPTION | |
| Extent | 297 p. |
| Dimensions | 20 cm. |
| 630 00 - SUBJECT ADDED ENTRY--UNIFORM TITLE | |
| Uniform title | Bible. |
| Name of part/section of a work | Acts |
| Form subdivision | Commentaries. |
| 9 (RLIN) | 5575 |
| 906 ## - LOCAL DATA ELEMENT F, LDF (RLIN) | |
| a | 0 |
| b | cbc |
| c | premunv |
| d | u |
| e | ncip |
| f | 19 |
| g | y-gencatlg |
| 942 ## - ADDED ENTRY ELEMENTS (KOHA) | |
| Source of classification or shelving scheme | Dewey Decimal Classification |
| Koha item type | Reference Books |
| Withdrawn status | Lost status | Source of classification or shelving scheme | Damaged status | Not for loan | Home library | Current Library | Shelving location | Date acquired | Total checkouts | Full call number | Barcode | Date last seen | Copy number | Price effective from | Koha item type |
|---|---|---|---|---|---|---|---|---|---|---|---|---|---|---|---|
| Dewey Decimal Classification | GRACE BIBLE COLLEGE | GRACE BIBLE COLLEGE | Commentary | 2018-06-29 | 226.607 MCG | 009849 | 2025-05-01 | c.1 | 2018-06-29 | Reference Books |